000 00376nam a22001457a 4500
999 _c1758
_d1758
008 200203b ||||| |||| 00| 0 eng d
041 0 _aeng
082 0 0 _a510.2462
_bJ272
100 _9444
_aJames, G.V.
245 1 0 _aModern engineering mathematics /
_cby G.V. James
260 _aEngland:
_bCRC Press,
_c1996.
300 _axxviii, 954 p.
650 0 _aMathematics
942 _cBK